000 01105nam a2200277Ia 4500
999 _c53768
_d53768
001 20817
003 GE_BSU
005 20210420181116.0
008 181216s ||||ru |||||||||||||| ||rus||
020 _a9785947747584(Ч.2)
040 _cGE_BSU
041 _arus
080 _a547(075.8) О-64
245 _aОрганическая химия : Задачи по общему курсу в 2ч, ч.2 :
_bУчебник для высшей школы /
_cМ.В. Ливанцов, Г.С. Зайцева, Л.И. Ливанцова ; Под ред. : Н. С. Зефирова.
264 _aМосква :
_bБином,
_c2017.
300 _a713 стр. :
_bил. ;
_c23 см.
541 _h38Л,50т.
653 _aОрганическая химия
653 _aორგანული ქიმია
653 _aქიმია
700 _aЛиванцов, М.В.
_eАвтор
_911469
700 _aЗайцева, Г.С.
_eАвтор
_911470
700 _aЛиванцова, Л.И.
_eАвтор
_911471
700 _aЗефирова, Н.С
_eАвтор
_911472
942 _cBK
_2udc